Music Quiz

Random Music or Lyrics Quiz

What Would Bruno Mars Do For Ya Quiz Stats

Quiz Updated Mar 22, 2013

Also try: Misheard Lyrics
Challenge
Share
Tweet
Embed
Score 0/7 Timer 02:00
3 Plays Today
Things Bruno Mars Would Do for Ya % Correct
Catch a grenade
93%
Jump in front of a train
72.5%
Anything
68.5%
Die
58.8%
Take a bullet straight through my brain
57.5%
Throw my hand on a blade
44.9%
Go through all this pain
43.5%

You're not logged in!

Compare scores with friends on all Sporcle quizzes.
Join for Free
OR
Log In

You Might Also Like...

Show Comments

Extras

Top Quizzes Today


Score Distribution

Your Account Isn't Verified!

In order to create a playlist on Sporcle, you need to verify the email address you used during registration. Go to your Sporcle Settings to finish the process.

Report this User

Report this user for behavior that violates our Community Guidelines.

Details: